[Event "Erfurt MT op 27th"]
[Site "Erfurt"]
[Date "2017.12.26"]
[Round "1"]
[White "Lagunow, Alexander"]
[Black "Gallien, Fabian"]
[Result "1-0"]
[WhiteElo "2405"]
[BlackElo "2089"]
[PlyCount "120"]
[EventDate "2017.12.26"]
[EventType "swiss"]
[EventRounds "8"]
[EventCountry "GER"]
[SourceTitle "CBM 182 Extra"]
[Source "ChessBase"]
[SourceDate "2018.02.23"]
[SourceVersion "1"]
[SourceVersionDate "2018.02.23"]
[SourceQuality "1"]

1. c4 e5 2. g3 c6 3. Nf3 d6 4. Nc3 Nf6 5. Bg2 Be7 6. 0-0 0-0 7. Qc2 Re8 8. d4 Bf8 9. d5 g6 10. e4 Bg7 11. Rd1 c5 12. a3 Na6 13. Rb1 Rf8 14. b4 Ne8 15. Bg5 f6 16. Bd2 Qe7 17. Ne1 f5 18. Nd3 b6 19. f4 exf4 20. Nxf4 Bd4+ 21. Kh1 Nf6 22. Re1 Ng4 23. h3 Ne5 24. Ne6 Bxe6 25. dxe6 f4 26. Nd5 Qxe6 27. gxf4 Nf3 28. b5 Nxe1 29. Rxe1 g5 30. f5 Qh6 31. bxa6 Qh4 32. Qd1 h5 33. Be3 Be5 34. Ne7+ Kg7 35. Ng6 Qg3 36. Nxe5 dxe5 37. Qd7+ Rf7 38. Qd2 Rd8 39. Qxd8 Qxe1+ 40. Bg1 Qc1 41. h4 gxh4 42. Qxh4 Kg8 43. Qg3+ Rg7 44. Qxe5 Qg5 45. Qh2 h4 46. Qh3 Qf6 47. Qd3 Qg5 48. Qf1 h3 49. Bf3 h2 50. Bxh2 Qh4 51. e5 Rh7 52. Qe2 Qf4 53. f6 Kf8 54. Kg1 Rxh2 55. Qxh2 Qxf3 56. Qd2 Qg3+ 57. Kf1 Qf3+ 58. Ke1 Qh1+ 59. Ke2 Qe4+ 60. Kf2 Qf5+ 1-0

[Event "Berlin-ch MT"]
[Site "Berlin"]
[Date "2017.04.17"]
[Round "9"]
[White "Wierzbicki, Jirawat"]
[Black "Gallien, Fabian"]
[Result "1/2-1/2"]
[WhiteElo "2093"]
[BlackElo "2109"]
[PlyCount "139"]
[EventDate "2017.04.10"]
[EventType "swiss"]
[EventRounds "9"]
[EventCountry "GER"]
[SourceTitle "CBM 189 Extra"]
[Source "ChessBase"]
[SourceDate "2019.06.03"]
[SourceVersion "1"]
[SourceVersionDate "2019.06.03"]
[SourceQuality "1"]

1. e4 d5 2. exd5 Qxd5 3. Nc3 Qd6 4. Nf3 Nf6 5. d4 a6 6. Ne5 c5 7. Be3 cxd4 8. Bxd4 Nc6 9. Nxc6 Qxc6 10. Qd2 Bf5 11. 0-0-0 e6 12. Bd3 Bxd3 13. Qxd3 Be7 14. h4 h5 15. Qg3 Kf8 16. Rhe1 Rc8 17. Re2 Rh6 18. f3 Rg6 19. Qf4 Kg8 20. Red2 b5 21. Bxf6 Bxf6 22. Ne4 Be7 23. Ng5 Bf6 24. Ne4 Be7 25. Ng5 Rf6 26. Qd4 Rf5 27. Ne4 Rd5 28. Qf2 Rcd8 29. Rxd5 Rxd5 30. Re1 b4 31. Kb1 a5 32. Qe2 Qd7 33. Kc1 a4 34. Rd1 b3 35. cxb3 axb3 36. axb3 Bxh4 37. Rxd5 Qxd5 38. Qc4 Qe5 39. Kc2 Qh2 40. Qe2 Be7 41. Qd2 h4 42. b4 h3 43. gxh3 Qxh3 44. Qc3 Qf5 45. Kb3 g5 46. Ng3 Qd5+ 47. Kc2 Qd6 48. Ne4 Qf4 49. Nc5 g4 50. fxg4 Qxg4 51. Nd3 Qe2+ 52. Kb3 Qd1+ 53. Qc2 Qxc2+ 54. Kxc2 Bd6 55. Kc3 Kf8 56. Kc4 Ke7 57. Nc5 Kd8 58. Ne4 Be7 59. Nc5 Kc7 60. b3 Kc6 61. Kd4 Bf6+ 62. Kc4 Be7 63. Kd4 Bd6 64. Kc4 Bh2 65. Ne4 Bc7 66. Ng5 e5 67. Nxf7 e4 68. Kd4 Kb5 69. Kxe4 Kxb4 70. Kd5 1/2-1/2

[Event "Berlin-ch MT"]
[Site "Berlin"]
[Date "2017.04.15"]
[Round "7"]
[White "Gallien, Fabian"]
[Black "Moser, Axel"]
[Result "1/2-1/2"]
[WhiteElo "2109"]
[BlackElo "2179"]
[PlyCount "60"]
[EventDate "2017.04.10"]
[EventType "swiss"]
[EventRounds "9"]
[EventCountry "GER"]
[SourceTitle "CBM 189 Extra"]
[Source "ChessBase"]
[SourceDate "2019.06.03"]
[SourceVersion "1"]
[SourceVersionDate "2019.06.03"]
[SourceQuality "1"]

1. d4 Nf6 2. Nf3 g6 3. g3 Bg7 4. Bg2 0-0 5. 0-0 d5 6. Nbd2 Nc6 7. c3 Re8 8. b4 a6 9. Nb3 Ne4 10. Bb2 e5 11. e3 Bg4 12. Qc2 Bf5 13. Qc1 Qd7 14. Rd1 Bg4 15. Rf1 Bh3 16. Nbd2 exd4 17. exd4 Bh6 18. Bxh3 Qxh3 19. Qd1 Rad8 20. Re1 f5 21. Nf1 f4 22. Qd3 Rf8 23. a4 fxg3 24. hxg3 Rxf3 25. Qxf3 Rf8 26. Qh1 Qxh1+ 27. Kxh1 Nxf2+ 28. Kg2 Ne4 29. Re2 Ne7 30. b5 Nf5 1/2-1/2

[Event "Berlin-ch MT"]
[Site "Berlin"]
[Date "2017.04.14"]
[Round "6"]
[White "Weber, Erwin"]
[Black "Gallien, Fabian"]
[Result "1/2-1/2"]
[WhiteElo "2077"]
[BlackElo "2109"]
[PlyCount "87"]
[EventDate "2017.04.10"]
[EventType "swiss"]
[EventRounds "9"]
[EventCountry "GER"]
[SourceTitle "CBM 189 Extra"]
[Source "ChessBase"]
[SourceDate "2019.06.03"]
[SourceVersion "1"]
[SourceVersionDate "2019.06.03"]
[SourceQuality "1"]

1. Nf3 d5 2. d4 Nf6 3. e3 Bg4 4. c4 dxc4 5. Bxc4 e6 6. Qb3 Bxf3 7. gxf3 c5 8. Nc3 cxd4 9. exd4 Bd6 10. Qxb7 Nbd7 11. Rg1 Kf8 12. f4 g6 13. f5 Kg7 14. fxe6 fxe6 15. Bb3 Rc8 16. Bg5 Rc7 17. Qf3 Bb4 18. Qh3 Re8 19. Qh6+ Kh8 20. Bd2 Nf8 21. Qf4 Bd6 22. Qh4 e5 23. d5 Be7 24. Bg5 a6 25. Qg3 Nh5 26. Bxe7 Qxe7 27. Qe3 Ng7 28. 0-0-0 Nf5 29. Qb6 Rb7 30. Qxa6 Reb8 31. d6 Qh4 32. Qa5 Qf4+ 33. Kb1 Nd4 34. Qd5 Nxb3 35. axb3 Rxb3 36. Rd2 Nd7 37. Nd1 Qf5+ 38. Rc2 R3b5 39. Qc4 Rb4 40. Qc6 R4b6 41. Qd5 Rb5 42. Qc6 R5b6 43. Qd5 Rb5 44. Qc6 1/2-1/2

[Event "Berlin-ch MT"]
[Site "Berlin"]
[Date "2017.04.10"]
[Round "1"]
[White "Brustkern, Juergen"]
[Black "Gallien, Fabian"]
[Result "1-0"]
[WhiteElo "2220"]
[BlackElo "2109"]
[PlyCount "79"]
[EventDate "2017.04.10"]
[EventType "swiss"]
[EventRounds "9"]
[EventCountry "GER"]
[SourceTitle "CBM 189 Extra"]
[Source "ChessBase"]
[SourceDate "2019.06.03"]
[SourceVersion "1"]
[SourceVersionDate "2019.06.03"]
[SourceQuality "1"]

1. c4 e5 2. Nc3 Nf6 3. e3 Nc6 4. g4 h6 5. Bg2 Ne7 6. h3 c6 7. d4 exd4 8. Qxd4 d5 9. cxd5 Nexd5 10. Nge2 Be6 11. 0-0 Nb4 12. b3 Qc7 13. Ne4 Nfd5 14. Qd2 0-0-0 15. Nd4 Nf6 16. Ba3 Nxe4 17. Bxe4 Nd5 18. Bb2 Nf6 19. Bg2 Bd5 20. Qc2 Bxg2 21. Kxg2 Rd5 22. Nf3 Be7 23. b4 h5 24. g5 Ne8 25. Rfd1 f6 26. Rxd5 cxd5 27. Qf5+ Qd7 28. Rc1+ Nc7 29. Nd4 Kd8 30. h4 fxg5 31. hxg5 Rf8 32. Qxd7+ Kxd7 33. f4 g6 34. Rd1 a6 35. Nf3 Ke6 36. Be5 Nb5 37. Rc1 Bd6 38. a4 Nc7 39. Nd4+ Kd7 40. Bxd6 1-0

[Event "Berlin-ch MT"]
[Site "Berlin"]
[Date "2017.04.10"]
[Round "2"]
[White "Gallien, Fabian"]
[Black "Mueller, Peter2222"]
[Result "0-1"]
[WhiteElo "2109"]
[BlackElo "2055"]
[PlyCount "108"]
[EventDate "2017.04.10"]
[EventType "swiss"]
[EventRounds "9"]
[EventCountry "GER"]
[SourceTitle "CBM 189 Extra"]
[Source "ChessBase"]
[SourceDate "2019.06.03"]
[SourceVersion "1"]
[SourceVersionDate "2019.06.03"]
[SourceQuality "1"]

1. d4 Nf6 2. Bg5 Ne4 3. Bf4 d5 4. e3 c5 5. Bd3 Nf6 6. c3 Nc6 7. Nd2 e6 8. Ngf3 Bd6 9. Bg3 Qc7 10. dxc5 Bxg3 11. hxg3 e5 12. Bb5 Bf5 13. Qa4 0-0 14. Bxc6 bxc6 15. Rh4 Rab8 16. b3 Bd3 17. Qa3 Rfe8 18. 0-0-0 a5 19. Ra4 Rb5 20. c4 Rb7 21. Rxa5 Ng4 22. Nf1 e4 23. Nd4 dxc4 24. Ra8 Reb8 25. Nd2 Nxf2 26. Rg1 cxb3 27. axb3 h6 28. Qa5 Rxa8 29. Qxa8+ Kh7 30. Kb2 Bb5 31. Ra1 Nd3+ 32. Kc3 Nxc5 33. Qe8 Qxg3 34. Nf5 Qb8 35. Qxb8 Rxb8 36. Nd6 Rd8 37. N6xe4 Nxe4+ 38. Nxe4 Rd3+ 39. Kb4 Rxe3 40. Nd6 Kg6 41. Ra7 Rg3 42. Nxf7 Rxg2 43. Nd6 h5 44. Re7 Kf6 45. Re3 g5 46. Rf3+ Kg6 47. Kc5 g4 48. Rf8 h4 49. Kd4 Rd2+ 50. Ke5 Rd5+ 51. Ke6 Rxd6+ 52. Kxd6 h3 53. Rg8+ Kf5 54. Rf8+ Ke4 0-1

[Event "Oberliga Nord O 1617"]
[Site "Germany"]
[Date "2016.11.20"]
[Round "2.8"]
[White "Gallien, Fabian"]
[Black "Kalhorn, Stefan"]
[Result "1/2-1/2"]
[WhiteElo "2123"]
[BlackElo "2138"]
[PlyCount "92"]
[EventDate "2016.10.16"]
[EventType "team-tourn"]
[EventRounds "9"]
[EventCountry "GER"]
[SourceTitle "EXT 2018"]
[Source "ChessBase"]
[SourceDate "2017.10.13"]
[SourceVersion "1"]
[SourceVersionDate "2017.10.13"]
[SourceQuality "1"]
[WhiteTeam "Koenig Tegel"]
[BlackTeam "Greifswald"]
[WhiteTeamCountry "GER"]
[BlackTeamCountry "GER"]

1. d4 d5 2. Nf3 Nf6 3. c4 e6 4. e3 c5 5. Nc3 Nc6 6. a3 a6 7. dxc5 Bxc5 8. b4 Ba7 9. Bb2 0-0 10. Qb3 d4 11. Rd1 e5 12. Be2 Bf5 13. Nd5 Be4 14. Nxf6+ Qxf6 15. exd4 Nxd4 16. Nxd4 Bxd4 17. Bxd4 exd4 18. 0-0 Rad8 19. Bd3 Rfe8 20. a4 Qg6 21. Bxe4 Qxe4 22. Rd3 g6 23. a5 Re6 24. Qd1 Red6 25. Re1 Qc6 26. c5 Re6 27. g3 Rxe1+ 28. Qxe1 Qd5 29. Qd2 h5 30. h4 Rd7 31. Qe2 Kg7 32. Qd2 Kg8 33. Qe2 Kg7 34. Qd2 Qe4 35. Qd1 Kg8 36. Qd2 Kg7 37. Qd1 Kg8 38. Qd2 Kh7 39. Qd1 Kg7 40. Qd2 Kh7 41. Qd1 Kg7 42. Qd2 f6 43. Qd1 Kh6 44. Qd2+ g5 45. f3 Qe5 46. Kf2 Kg6 1/2-1/2

[Event "Berlin Lichtenberger op 15th"]
[Site "Berlin"]
[Date "2016.08.19"]
[Round "7"]
[White "Gallien, Fabian"]
[Black "Dathe, Frederick"]
[Result "1-0"]
[WhiteElo "2146"]
[BlackElo "1884"]
[PlyCount "55"]
[EventDate "2016.08.13"]
[EventType "swiss"]
[EventRounds "9"]
[EventCountry "GER"]
[SourceTitle "CBM 173 Extra"]
[Source "ChessBase"]
[SourceDate "2016.08.29"]
[SourceVersion "1"]
[SourceVersionDate "2016.08.29"]
[SourceQuality "1"]

1. d4 Nf6 2. Bg5 e6 3. e3 d5 4. Nd2 Be7 5. Bd3 Nbd7 6. f4 c5 7. c3 c4 8. Bc2 b5 9. a3 a5 10. Nh3 Bb7 11. Qf3 Qb6 12. 0-0 b4 13. Rfb1 Bc6 14. Nf2 Rb8 15. Kh1 Qc7 16. Qe2 bxc3 17. bxc3 Rxb1+ 18. Bxb1 Nb6 19. e4 h6 20. Bxf6 Bxf6 21. f5 0-0 22. fxe6 fxe6 23. e5 Bg5 24. Nf3 Qf7 25. h4 Bxh4 26. Qc2 g5 27. Ng4 Qf5 28. Nxh6+ 1-0

[Event "Berlin Lichtenberger op 15th"]
[Site "Berlin"]
[Date "2016.08.15"]
[Round "3"]
[White "Gallien, Fabian"]
[Black "Thesing, Ansgar"]
[Result "1-0"]
[WhiteElo "2146"]
[BlackElo "1987"]
[PlyCount "80"]
[EventDate "2016.08.13"]
[EventType "swiss"]
[EventRounds "9"]
[EventCountry "GER"]
[SourceTitle "CBM 173 Extra"]
[Source "ChessBase"]
[SourceDate "2016.08.29"]
[SourceVersion "1"]
[SourceVersionDate "2016.08.29"]
[SourceQuality "1"]

1. d4 g6 2. e4 d6 3. Be3 Bg7 4. Nc3 c6 5. Qd2 Nd7 6. f4 e5 7. Nf3 exf4 8. Bxf4 Ndf6 9. Bd3 Nh5 10. Be3 Ngf6 11. Bh6 Bxh6 12. Qxh6 Qb6 13. 0-0-0 Bg4 14. e5 Ng8 15. Qg5 Bxf3 16. gxf3 Qd8 17. Qd2 d5 18. Ne2 Ne7 19. Kb1 Ng7 20. Ng3 Ne6 21. c3 Qd7 22. f4 Ng7 23. c4 dxc4 24. Bxc4 Nd5 25. Ne4 Qf5 26. Bd3 Qxf4 27. Nd6+ Ke7 28. Rhf1 Qxd2 29. Rxf7+ Ke6 30. Rxd2 Ne8 31. Rxb7 Nxd6 32. exd6 Kxd6 33. Rf2 Rhb8 34. Rxh7 Rb4 35. a3 Rxd4 36. Bxg6 Rd1+ 37. Ka2 Rg8 38. Rh6 Kc5 39. Rc2+ Kb5 40. Bh5 Rg5 1-0

[Event "Berlin Lichtenberger op 15th"]
[Site "Berlin"]
[Date "2016.08.14"]
[Round "2"]
[White "Ziems, Michael"]
[Black "Gallien, Fabian"]
[Result "0-1"]
[WhiteElo "1802"]
[BlackElo "2146"]
[PlyCount "68"]
[EventDate "2016.08.13"]
[EventType "swiss"]
[EventRounds "9"]
[EventCountry "GER"]
[SourceTitle "CBM 173 Extra"]
[Source "ChessBase"]
[SourceDate "2016.08.29"]
[SourceVersion "1"]
[SourceVersionDate "2016.08.29"]
[SourceQuality "1"]

1. d4 d5 2. c4 dxc4 3. Nc3 a6 4. a4 Nc6 5. d5 Na5 6. Bf4 Nf6 7. e4 e6 8. dxe6 Bxe6 9. Qxd8+ Kxd8 10. 0-0-0+ Kc8 11. f3 c6 12. Nge2 Bc5 13. Kc2 Nb3 14. Be5 b5 15. Nf4 Bd7 16. g3 Re8 17. Bxf6 gxf6 18. Nh5 Be7 19. Be2 Kc7 20. Rhe1 Rad8 21. Bf1 Bc8 22. Be2 Rxd1 23. Rxd1 Rd8 24. Rxd8 Bxd8 25. Nf4 Kd6 26. Bf1 f5 27. h4 Ke5 28. Nd3+ cxd3+ 29. Kxb3 Be7 30. f4+ Kd4 31. exf5 Bxf5 32. Ka2 b4 33. Nb1 Ke3 34. g4 Be6+ 0-1

[Event "Berlin Lichtenberger op 14th"]
[Site "Berlin"]
[Date "2015.08.19"]
[Round "5"]
[White "Gallien, Fabian"]
[Black "Zschaebitz, Klaus"]
[Result "1-0"]
[WhiteElo "2145"]
[BlackElo "2061"]
[PlyCount "91"]
[EventDate "2015.08.15"]
[EventType "swiss"]
[EventRounds "9"]
[EventCountry "GER"]
[SourceTitle "EXT 2016"]
[Source "ChessBase"]
[SourceDate "2015.10.08"]
[SourceVersion "1"]
[SourceVersionDate "2015.10.08"]
[SourceQuality "1"]

1. e4 e6 2. d4 d5 3. Nc3 Bb4 4. exd5 exd5 5. Bd3 Nc6 6. a3 Ba5 7. Nge2 Bg4 8. Be3 Nge7 9. f3 Be6 10. 0-0 Bb6 11. Bf2 Qd7 12. Na2 0-0 13. c3 Bf5 14. Nb4 Nxb4 15. axb4 a6 16. Re1 Bxd3 17. Qxd3 c6 18. Bg3 Rfe8 19. Nf4 Nf5 20. Kf2 g6 21. Qd2 Rxe1 22. Rxe1 Re8 23. Nd3 Rxe1 24. Qxe1 Qe6 25. Qxe6 fxe6 26. Be5 Kf7 27. g4 Ne7 28. Kg3 Ng8 29. Bb8 Nf6 30. Bd6 Nd7 31. h3 Bd8 32. Bf4 Ke8 33. Bd6 Be7 34. Bxe7 Kxe7 35. Kf4 Kf6 36. g5+ Ke7 37. Nc5 Nb6 38. b3 Nc8 39. Nxb7 Na7 40. c4 Nc8 41. c5 Kd7 42. Ke5 Ne7 43. Nd6 Ng8 44. Nb7 Ke7 45. Na5 Kd7 46. Nxc6 1-0

[Event "Berlin Lichtenberger op 14th"]
[Site "Berlin"]
[Date "2015.08.18"]
[Round "4"]
[White "Janse, Alexander"]
[Black "Gallien, Fabian"]
[Result "0-1"]
[WhiteElo "1881"]
[BlackElo "2145"]
[PlyCount "108"]
[EventDate "2015.08.15"]
[EventType "swiss"]
[EventRounds "9"]
[EventCountry "GER"]
[SourceTitle "EXT 2016"]
[Source "ChessBase"]
[SourceDate "2015.10.08"]
[SourceVersion "1"]
[SourceVersionDate "2015.10.08"]
[SourceQuality "1"]

1. e4 e5 2. Nf3 Nc6 3. Bb5 a6 4. Ba4 Nf6 5. d3 b5 6. Bb3 Be7 7. 0-0 d6 8. c3 0-0 9. Re1 Na5 10. Bc2 c5 11. Nbd2 Nc6 12. Nf1 Re8 13. Ng3 Bf8 14. h3 h6 15. d4 Nd7 16. d5 Ne7 17. Kh2 g6 18. Nf1 Bg7 19. g4 Nb6 20. Ne3 Kh8 21. Rg1 Rg8 22. Nd2 Rf8 23. Ndf1 Ng8 24. Ng3 Bf6 25. Qf3 Bg5 26. Ne2 Qf6 27. Qxf6+ Nxf6 28. Ng2 Bxc1 29. Rgxc1 Nc4 30. b3 Nd2 31. Ng3 Nf3+ 32. Kh1 h5 33. gxh5 Bxh3 34. Bd1 Ng5 35. hxg6 fxg6 36. f3 Kg7 37. Kg1 Bd7 38. Rc2 Nh3+ 39. Kf1 Nh7 40. Ke2 N7g5 41. Ke3 Nf4 42. Rb1 a5 43. Nf1 Ngh3 44. Nxf4 Nxf4 45. Rh2 Rh8 46. Rbb2 Rh5 47. Ng3 Rxh2 48. Rxh2 b4 49. cxb4 axb4 50. Rc2 Rh8 51. Ne2 Rh1 52. Nxf4 exf4+ 53. Kd2 Rh2+ 54. Kd3 Bb5+ 0-1

[Event "Berlin Lichtenberger op 14th"]
[Site "Berlin"]
[Date "2015.08.17"]
[Round "3"]
[White "Gallien, Fabian"]
[Black "Steiner, Wolfram"]
[Result "1/2-1/2"]
[WhiteElo "2145"]
[BlackElo "1968"]
[PlyCount "62"]
[EventDate "2015.08.15"]
[EventType "swiss"]
[EventRounds "9"]
[EventCountry "GER"]
[SourceTitle "EXT 2016"]
[Source "ChessBase"]
[SourceDate "2015.10.08"]
[SourceVersion "1"]
[SourceVersionDate "2015.10.08"]
[SourceQuality "1"]

1. d4 d5 2. Nf3 Nf6 3. c4 c6 4. Qb3 e6 5. Bg5 Nbd7 6. Nc3 h6 7. Bh4 Be7 8. e3 0-0 9. Bd3 dxc4 10. Qxc4 Nd5 11. Bg3 Qb6 12. Rb1 Nb4 13. 0-0 Nxd3 14. Qxd3 Nf6 15. h3 a5 16. Ne5 Qa6 17. Qc2 a4 18. Ne2 Bd7 19. Bh4 Rad8 20. a3 Be8 21. Rbc1 c5 22. Rfd1 Bb5 23. Nc3 cxd4 24. exd4 Be8 25. Bxf6 Bxf6 26. Ne4 Bxe5 27. dxe5 Bc6 28. Rd6 Rxd6 29. Nxd6 Qa5 30. Qc5 Qd2 31. Rc2 Qg5 1/2-1/2

[Event "Pardubice Czech op-A 24th"]
[Site "Pardubice"]
[Date "2013.07.19"]
[Round "1"]
[White "Rzayev, Bahruz Iqbal Oglu"]
[Black "Gallien, Fabian"]
[Result "1-0"]
[WhiteElo "2429"]
[BlackElo "2213"]
[PlyCount "105"]
[EventDate "2013.07.19"]
[EventType "swiss"]
[EventRounds "9"]
[EventCountry "CZE"]
[SourceTitle "CBM 155 Extra"]
[Source "ChessBase"]
[SourceDate "2013.08.26"]
[SourceVersion "1"]
[SourceVersionDate "2013.08.26"]
[SourceQuality "1"]

1. e4 e6 2. b3 d5 3. Bb2 dxe4 4. Nc3 Nf6 5. Qe2 Bd7 6. Nxe4 Nxe4 7. Qxe4 Bc6 8. Qe3 Qd5 9. 0-0-0 Nd7 10. Nf3 Qa5 11. Kb1 Nf6 12. Ne5 Be4 13. f3 Bg6 14. a3 Nd5 15. Qf2 a6 16. Nc4 Qc5 17. Qxc5 Bxc5 18. Bxg7 Rg8 19. Bb2 0-0-0 20. d3 f6 21. Nd2 e5 22. Ne4 Be7 23. g3 Bf5 24. Re1 Kb8 25. Bg2 h5 26. Rhf1 Bd7 27. c4 Nb6 28. f4 Bc6 29. fxe5 fxe5 30. Rf7 Nc8 31. Kc2 Be8 32. Rf5 Bd6 33. c5 Bg6 34. Rf2 Be7 35. b4 Rd5 36. Rd2 Rgd8 37. Nf2 R5d7 38. Bxe5 Bg5 39. Rdd1 Ne7 40. Be4 Bf5 41. h4 Bh6 42. Bf6 Rf8 43. Bxe7 Rxe7 44. Bxf5 Rxe1 45. Rxe1 Rxf5 46. Re8+ Ka7 47. Ne4 Rf1 48. Rc8 Rc1+ 49. Kb2 Rd1 50. Rxc7 Rxd3 51. c6 Be3 52. Rxb7+ Ka8 53. Rd7 1-0

[Event "Oberliga Nord O 0203"]
[Site "Germany"]
[Date "2003.01.26"]
[Round "5.3"]
[White "Woschech, Andreas"]
[Black "Gallien, Fabian"]
[Result "1/2-1/2"]
[WhiteElo "2215"]
[BlackElo "2155"]
[PlyCount "56"]
[EventDate "2002.10.20"]
[EventType "team"]
[EventRounds "9"]
[EventCountry "GER"]
[SourceTitle "EXT 2009"]
[Source "ChessBase"]
[SourceDate "2008.11.26"]
[SourceVersion "1"]
[SourceVersionDate "2008.11.26"]
[SourceQuality "1"]
[WhiteTeam "Oberschoeneweide"]
[BlackTeam "Lasker Steglitz"]
[WhiteTeamCountry "GER"]
[BlackTeamCountry "GER"]

1. e4 e6 2. d4 d5 3. Nc3 Nf6 4. Bg5 Be7 5. e5 Nfd7 6. h4 a6 7. Nf3 c5 8. dxc5 Nc6 9. Bxe7 Qxe7 10. Qe2 Nxc5 11. 0-0-0 b5 12. Qe3 b4 13. Ne2 0-0 14. Ned4 Nxd4 15. Nxd4 Bd7 16. f4 a5 17. h5 a4 18. h6 g6 19. Bd3 Rfc8 20. Kb1 Qd8 21. g4 Qe7 22. f5 b3 23. a3 Rab8 24. c3 Nb7 25. Ba6 Rc7 26. Bxb7 Rcxb7 27. Rhf1 Rf8 28. g5 Rbb8 1/2-1/2

[Event "Oberliga Nord O 0203"]
[Site "Germany"]
[Date "2002.12.15"]
[Round "3.4"]
[White "Gallien, Fabian"]
[Black "Stippekohl, Peter"]
[Result "1/2-1/2"]
[WhiteElo "2155"]
[BlackElo "2189"]
[PlyCount "137"]
[EventDate "2002.10.20"]
[EventType "team"]
[EventRounds "9"]
[EventCountry "GER"]
[SourceTitle "EXT 2009"]
[Source "ChessBase"]
[SourceDate "2008.11.26"]
[SourceVersion "1"]
[SourceVersionDate "2008.11.26"]
[SourceQuality "1"]
[WhiteTeam "Lasker Steglitz"]
[BlackTeam "Rehberge "]
[WhiteTeamCountry "GER"]
[BlackTeamCountry "GER"]

1. d4 d6 2. e4 g6 3. Be3 Bg7 4. Qd2 Nd7 5. Nc3 a6 6. h4 b5 7. f3 h5 8. Nh3 Bb7 9. Nf2 c5 10. Ne2 Ngf6 11. c3 Qc7 12. g3 e5 13. Bg2 a5 14. 0-0 0-0 15. d5 Nb6 16. Bg5 Nh7 17. Qc1 Nxg5 18. Qxg5 Qd8 19. Qc1 f5 20. Nh3 fxe4 21. fxe4 Qe7 22. Qg5 Qxg5 23. Nxg5 Rxf1+ 24. Rxf1 Rf8 25. Bh3 Rxf1+ 26. Kxf1 Bc8 27. Bxc8 Nxc8 28. Ne6 Nb6 29. b3 c4 30. Nxg7 cxb3 31. axb3 Kxg7 32. Ke1 Kf6 33. Kd2 g5 34. Nc1 gxh4 35. gxh4 Nd7 36. Nd3 Nf8 37. Ne1 Ng6 38. Nf3 Ke7 39. Kc2 Kd7 40. Kb2 Kc7 41. Ka3 Kb6 42. b4 a4 43. Kb2 Nf4 44. Ng5 Ng2 45. Nf3 Ne3 46. Ng5 Nd1+ 47. Kc2 Nf2 48. Kb2 Kc7 49. Kc2 Kd7 50. Kb2 Nd1+ 51. Kc2 Ne3+ 52. Kb2 Ke7 53. Kb1 Nc4 54. Kc2 Kf6 55. Nh7+ Kg7 56. Ng5 Kg6 57. Kb1 Ne3 58. Kb2 Kf6 59. Nh7+ Ke7 60. Ng5 Kd7 61. Kb1 Nd1 62. Kc2 Nf2 63. Kb2 Ke7 64. Kb1 Nd1 65. Kc2 a3 66. Kb3 a2 67. Kxa2 Nxc3+ 68. Kb3 Ne2 69. Kc2 1/2-1/2

[Event "Oberliga Nord O 0203"]
[Site "Germany"]
[Date "2002.11.17"]
[Round "2.4"]
[White "Teschke, Olaf"]
[Black "Gallien, Fabian"]
[Result "1/2-1/2"]
[WhiteElo "2190"]
[BlackElo "2155"]
[PlyCount "45"]
[EventDate "2002.10.20"]
[EventType "team"]
[EventRounds "9"]
[EventCountry "GER"]
[SourceTitle "EXT 2009"]
[Source "ChessBase"]
[SourceDate "2008.11.26"]
[SourceVersion "1"]
[SourceVersionDate "2008.11.26"]
[SourceQuality "1"]
[WhiteTeam "Koenig Tegel"]
[BlackTeam "Lasker Steglitz"]
[WhiteTeamCountry "GER"]
[BlackTeamCountry "GER"]

1. e4 e6 2. d4 d5 3. Nd2 Nf6 4. e5 Nfd7 5. Bd3 c5 6. c3 Nc6 7. Ne2 cxd4 8. cxd4 f6 9. Nf4 Nxd4 10. Qh5+ Ke7 11. Ng6+ hxg6 12. exf6+ Nxf6 13. Qxh8 Kf7 14. 0-0 e5 15. Nf3 Nxf3+ 16. gxf3 Bf5 17. Bxf5 gxf5 18. Bg5 Bd6 19. Qxd8 Rxd8 20. Rfd1 Ke6 21. Kg2 Rd7 22. Rac1 Nh7 23. Bd2 1/2-1/2

[Event "Berlin Neukoelln op 7th"]
[Site "Berlin"]
[Date "2001.06.01"]
[Round "4"]
[White "Gallien, Fabian"]
[Black "Breier, Andreas"]
[Result "0-1"]
[WhiteElo "1908"]
[BlackElo "2322"]
[PlyCount "128"]
[EventDate "2001.05.11"]
[EventType "swiss"]
[EventRounds "7"]
[EventCountry "GER"]
[SourceTitle "EXT 2022"]
[Source "ChessBase"]
[SourceDate "2021.10.06"]
[SourceVersion "1"]
[SourceVersionDate "2021.10.06"]
[SourceQuality "1"]

1. e4 e6 2. d4 d5 3. exd5 exd5 4. Bd3 c5 5. c3 Nc6 6. Nf3 Bg4 7. Qe2+ Qe7 8. Nbd2 cxd4 9. Qxe7+ Bxe7 10. Nxd4 Nxd4 11. cxd4 Nf6 12. h3 Be6 13. 0-0 0-0 14. Re1 Bb4 15. a3 Ba5 16. Re2 Rac8 17. Nf3 Bb6 18. Bg5 Ne4 19. Bf4 h6 20. Rc1 Bf5 21. Rec2 Rxc2 22. Rxc2 Ng3 23. Bxg3 Bxd3 24. Rc3 Bc4 25. Bd6 Re8 26. Bc5 Ba5 27. Re3 Rxe3 28. fxe3 a6 29. Kf2 f6 30. Bb4 Bc7 31. Nd2 Bd3 32. Nb3 b6 33. Nc1 Bc2 34. Ne2 g5 35. Bd2 Kf7 36. Nc3 Ke6 37. Kf3 Bd8 38. e4 dxe4+ 39. Nxe4 Kd5 40. Ng3 Kxd4 41. Bc3+ Kd5 42. Nf1 Bd1+ 43. Kf2 Bh5 44. g4 Bg6 45. Ng3 b5 46. Kf3 Bc2 47. Nh5 Ke6 48. Ng7+ Kf7 49. Nf5 Kg6 50. Nd4 Bd1+ 51. Kg2 h5 52. gxh5+ Bxh5 53. Ne6 Bb6 54. Nf8+ Kf7 55. Nd7 Bd8 56. Nc5 f5 57. Nxa6 Ke6 58. Nb4 Bb6 59. Bg7 f4 60. Nd3 Be8 61. h4 Bg6 62. Nf2 gxh4 63. Bh6 Be3 64. Bg5 f3+ 0-1